| 000 | 00406nam a2200157Ia 4500 | ||
|---|---|---|---|
| 008 | 210716s1975 xx 000 0 und d | ||
| 020 | _a70238421 | ||
| 041 | _aeng | ||
| 082 | _a005.362 GOTB | ||
| 100 | _aGottfried, Byron S. | ||
| 245 | _aSchaums outline of theory and problems of programming with basic. | ||
| 250 | _a1 | ||
| 260 |
_aNew Delhi _bMcGraw Hill _c1975 |
||
| 300 | _a239 | ||
| 650 | _aNone | ||
| 999 |
_c186867 _d186867 |
||